logo

Bir Sreshtho Munshi Abdur Rouf Library
Jhenaidah Cadet College

Inside out & back again / (Record no. 14395)

MARC details
000 -LEADER
fixed length control field 00663nam a2200229 a 4500
001 - CONTROL NUMBER
JCCL Control Number 14395
003 - CONTROL NUMBER IDENTIFIER
JCCL marc code BD-JhCC
005 - DATE AND TIME OF LATEST TRANSACTION
control field 20250908114814.0
008 - FIXED-LENGTH DATA ELEMENTS--GENERAL INFORMATION
fixed length control field 250908b2011 nyu |||| ||a| 000 0 eng d
020 ## - INTERNATIONAL STANDARD BOOK NUMBER
International Standard Book Number 9780061962790
035 ## - SYSTEM CONTROL NUMBER
system control number (BD-JhCC)14395
040 ## - CATALOGING SOURCE
Original cataloging agency BD-JhCC
Modifying agency BD-JhCC
041 ## - LANGUAGE CODE
Language code of Book english
082 ## - DEWEY DECIMAL CLASSIFICATION NUMBER
DDC Edition number 23
Classification number 813.54
Author mark and Year LAI 2011
100 ## - MAIN ENTRY--PERSONAL NAME
Personal name Lai,Thanhha
245 ## - TITLE STATEMENT
Title Inside out & back again /
Statement of responsibility, etc Thanhha Lai.
260 ## - PUBLICATION, DISTRIBUTION, ETC. (IMPRINT)
Place of publication, distribution, etc New York:
Name of publisher, distributor, etc Harper, an imprint of HarperCollinsPublishers,;
Date of publication, distribution, etc 2011.
300 ## - PHYSICAL DESCRIPTION
Pagination 262 p. :
Other physical details ill;
Dimensions 20 cm.
490 ## - SERIES STATEMENT
Series statement Instant book club
650 ## - SUBJECT ADDED ENTRY--TOPICAL TERM
Topical term or geographic name as entry element Alabama History Fiction
General subdivision Alabama Juvenile fiction
942 ## - ADDED ENTRY ELEMENTS (KOHA)
Source of classification or shelving scheme Dewey Decimal Classification
Koha item type Books
Holdings
Source of classification or shelving scheme Damaged status Not for loan Collection code Home library Current library Shelving location Date of accession Cost, normal purchase price Total Checkouts Total Renewals Full call number Barcode Date last seen Date checked out Copy number Method of acquisition Koha item type Currency
Dewey Decimal Classification     Fiction JCC Rouf Library JCC Rouf Library General Stacks 09/08/2025 1119.00 1 1 813.54 LAI 2011 20213 01/27/2026 10/26/2025 C-1 Purchase Books BDT
Dewey Decimal Classification     Fiction JCC Rouf Library JCC Rouf Library General Stacks 09/08/2025 1119.00 2   813.54 LAI 2011 20214 02/02/2026 01/20/2026 C-2 Purchase Books BDT

JCC Library | Contacts | JCC Home

Last Update on 23 September 2017
Copyright @ 2017-2020 JCC Rouf Library
Rouf Library, Jhenidah Cadet College (JCC), Bangladesh